000 00600cab a2200205 4500
001 ABS42850
008 090401t1990 xxu||||| |||| 00| 0 eng d
035 _a(Sirsi) u39142
041 _aeng
100 _aTapper, S.
245 _aMaking a festival out of a speciality
260 _c1990
350 _a0
490 _aShop Property
_vJune 1990, 13-17(4)
520 _aDefines festival shopping and speciality shopping and reviews schemes already operational and at the development stage.
650 _aRETAIL
690 _aPROPERTY-COMMERCIAL PROPERTY
942 _n0
948 _c04/03/1997
999 _c25109
_d25109